Syllabus design /

保存先:
書誌詳細
第一著者: Nunan,David
フォーマット: 図書
出版事項: NY. Oxford university 1998
主題:
タグ: タグ追加
タグなし, このレコードへの初めてのタグを付けませんか!
Thư viện lưu trữ: Mạng thư viện Đại học Đà Nẵng
LEADER 00837nam a22002651a 4500
001 000037996
003 14291
005 20221018110701.0
008 160412s1998 000
020 |a 0194371395 
082 |a 500  |b NU-D 
100 |a Nunan,David 
245 0 |a Syllabus design /  |c David Nunan. 
260 |c 1998  |b Oxford university  |a NY. 
300 |a 159tr. : ;  |c 24cm. 
653 |a Syllabus design 
OWN |a LNN 
AVA |a UDN50  |b LNN  |c English  |d 500NU-D  |e available  |t Error 5001 Not defined in file expand_doc_bib_avail.  |f 1  |g 0  |h N  |i 0  |j AN 
999 |a From the UDN01 
AVA |a UDN50  |b LNN  |c English  |d 500NU-D  |e available  |t Error 5001 Not defined in file expand_doc_bib_avail.  |f 1  |g 0  |h N  |i 0  |j AN 
TYP |a Monograph 
980 |a Mạng thư viện Đại học Đà Nẵng